<?xml version="1.0" encoding="UTF-8"?>
<record
    xmlns:xsi="http://www.w3.org/2001/XMLSchema-instance"
    xsi:schemaLocation="http://www.loc.gov/MARC21/slim http://www.loc.gov/standards/marcxml/schema/MARC21slim.xsd"
    xmlns="http://www.loc.gov/MARC21/slim">

  <leader>00861nam a22001817a 4500</leader>
  <datafield tag="999" ind1=" " ind2=" ">
    <subfield code="c">60211</subfield>
    <subfield code="d">60211</subfield>
  </datafield>
  <controlfield tag="003">Ge_BSU</controlfield>
  <controlfield tag="005">20230619153015.0</controlfield>
  <controlfield tag="008">230619s2007    ge ||||| |||| 00| 0 geo d</controlfield>
  <datafield tag="020" ind1=" " ind2=" ">
    <subfield code="a">9789994093120</subfield>
  </datafield>
  <datafield tag="041" ind1=" " ind2=" ">
    <subfield code="a">geo</subfield>
  </datafield>
  <datafield tag="080" ind1=" " ind2=" ">
    <subfield code="a">1(479.22)(092 &#x10DB;&#x10D0;&#x10DB;&#x10D0;&#x10E0;&#x10D3;&#x10D0;&#x10E8;&#x10D5;&#x10D8;&#x10DA;&#x10D8;, &#x10DB;.) &#x10DB;-23</subfield>
  </datafield>
  <datafield tag="245" ind1=" " ind2=" ">
    <subfield code="a">&#x10DB;&#x10D4;&#x10E0;&#x10D0;&#x10D1; &#x10DB;&#x10D0;&#x10DB;&#x10D0;&#x10E0;&#x10D3;&#x10D0;&#x10E8;&#x10D5;&#x10D8;&#x10DA;&#x10D8; :</subfield>
    <subfield code="b"> [&#x10D9;&#x10E0;&#x10D4;&#x10D1;&#x10E3;&#x10DA;&#x10D8;] / </subfield>
    <subfield code="c">&#x10E8;&#x10D4;&#x10DB;&#x10D3;&#x10D2;. &#x10D3;&#x10D0; &#x10E8;&#x10D4;&#x10E1;&#x10D0;&#x10D5;&#x10D0;&#x10DA;&#x10D8; &#x10EC;&#x10D4;&#x10E0;&#x10D8;&#x10DA;&#x10D8;&#x10E1; &#x10D0;&#x10D5;&#x10E2;. &#x10D7;&#x10D4;&#x10D8;&#x10DB;&#x10E3;&#x10E0;&#x10D0;&#x10D6; &#x10DB;&#x10D7;&#x10D8;&#x10D1;&#x10D4;&#x10DA;&#x10D0;&#x10E8;&#x10D5;&#x10D8;&#x10DA;&#x10D8; ; [&#x10E0;&#x10D4;&#x10D3;. &#x10DB;&#x10D8;&#x10EE;&#x10D4;&#x10D8;&#x10DA; &#x10DB;&#x10D0;&#x10EE;&#x10D0;&#x10E0;&#x10D0;&#x10EB;&#x10D4;].</subfield>
  </datafield>
  <datafield tag="264" ind1=" " ind2=" ">
    <subfield code="a">&#x10D7;&#x10D1;&#x10D8;&#x10DA;&#x10D8;&#x10E1;&#x10D8; :</subfield>
    <subfield code="b">&#x10D8;&#x10DC;&#x10E2;&#x10D4;&#x10DA;&#x10D4;&#x10E5;&#x10E2;&#x10D8;, </subfield>
    <subfield code="c">2007.</subfield>
  </datafield>
  <datafield tag="300" ind1=" " ind2=" ">
    <subfield code="a">317&#x10D2;&#x10D5;. ; </subfield>
    <subfield code="b">20&#x10E1;&#x10DB;.</subfield>
  </datafield>
  <datafield tag="504" ind1=" " ind2=" ">
    <subfield code="a">&#x10D1;&#x10D8;&#x10D1;&#x10DA;&#x10D8;&#x10DD;&#x10D2;&#x10E0;.: &#x10D2;&#x10D5;. 115.</subfield>
  </datafield>
  <datafield tag="653" ind1=" " ind2=" ">
    <subfield code="a">&#x10DB;&#x10D0;&#x10DB;&#x10D0;&#x10E0;&#x10D3;&#x10D0;&#x10E8;&#x10D5;&#x10D8;&#x10DA;&#x10D8;, &#x10DB;&#x10D4;&#x10E0;&#x10D0;&#x10D1;</subfield>
  </datafield>
  <datafield tag="942" ind1=" " ind2=" ">
    <subfield code="2">udc</subfield>
    <subfield code="c">BK</subfield>
  </datafield>
  <datafield tag="952" ind1=" " ind2=" ">
    <subfield code="0">0</subfield>
    <subfield code="1">0</subfield>
    <subfield code="2">udc</subfield>
    <subfield code="4">0</subfield>
    <subfield code="6">147922092_&#x10DB;&#x10D0;&#x10DB;&#x10D0;&#x10E0;&#x10D3;&#x10D0;&#x10E8;&#x10D5;&#x10D8;&#x10DA;&#x10D8;_&#x10DB;_&#x10DB;23</subfield>
    <subfield code="7">0</subfield>
    <subfield code="9">95193</subfield>
    <subfield code="a">CPL</subfield>
    <subfield code="b">CPL</subfield>
    <subfield code="c">GEN</subfield>
    <subfield code="d">2023-06-19</subfield>
    <subfield code="g">8.00</subfield>
    <subfield code="o">1(479.22)(092 &#x10DB;&#x10D0;&#x10DB;&#x10D0;&#x10E0;&#x10D3;&#x10D0;&#x10E8;&#x10D5;&#x10D8;&#x10DA;&#x10D8;, &#x10DB;.) &#x10DB;-23</subfield>
    <subfield code="p">64546</subfield>
    <subfield code="r">2023-06-19</subfield>
    <subfield code="t">64546</subfield>
    <subfield code="u">&#x10D1;&#x10E1;&#x10E3;-&#x10E1; &#x10E1;&#x10D0;&#x10DE;&#x10D0;&#x10E2;&#x10D8;&#x10DD; &#x10D3;&#x10DD;&#x10E5;&#x10E2;&#x10DD;&#x10E0;&#x10D8;&#x10E1; &#x10D2;&#x10E3;&#x10E0;&#x10D0;&#x10DB; &#x10DA;&#x10DD;&#x10E0;&#x10D7;&#x10E5;&#x10D8;&#x10E4;&#x10D0;&#x10DC;&#x10D8;&#x10EB;&#x10D8;&#x10E1; &#x10E1;&#x10D0;&#x10E9;&#x10E3;&#x10E5;&#x10D0;&#x10E0;&#x10D8;</subfield>
    <subfield code="w">2023-06-19</subfield>
    <subfield code="y">BK</subfield>
    <subfield code="z">8 &#x10DA;.</subfield>
  </datafield>
</record>
